| 000 | 00747cam a22002537a 4500 | ||
|---|---|---|---|
| 005 | 20260322212015.0 | ||
| 008 | data | ||
| 010 | _a 2002512801 | ||
| 020 | _a1572242736 (pbk.) | ||
| 020 | _a9781572242739 (pbk.) | ||
| 040 |
_aDPL _cDPL _dDLC _dDLC |
||
| 042 | _alccopycat | ||
| 050 | 0 | 0 |
_aRC514 _b.T46 2002 |
| 082 | 0 | 0 |
_a616.89/82 _221 |
| 092 | _a616.89 T46 2002 | ||
| 100 | 1 | _aTemes, Roberta. | |
| 245 | 1 | 0 |
_aGetting your life back together when you have schizophrenia / _cRoberta Temes. |
| 260 |
_aOakland, CA : _bNew Harbinger, _cc2002. |
||
| 300 |
_avi, 172 p. ; _c23 cm. |
||
| 504 | _aIncludes bibliographical references (p. [167]-172). | ||
| 650 | 0 |
_aSchizophrenia _vPopular works. |
|
| 650 | 2 |
_aSchizophrenia _vPopular Works. |
|
| 001 | data | ||
| 999 |
_c330 _d330 |
||